Loading...
| History - European | 2 | 4 | 0 | 2 | 70 | 47 | 78.17 | 2 | 4 | 24.59 | 39.44 |
| History - World | 2 | 3 | 2 | 1 | 50 | 50 | 74.40 | 0 | 2 | 21.59 | 18.89 |
| History - American | 1 | 3 | 2 | 2 | 35 | 73 | 102.50 | 1 | 3 | 10.00 | 20.00 |
| Auditory Arts | 0 | 4 | 2 | 1 | 30 | 97 | 110.25 | 0 | 3 | 9.67 | 21.67 |
| Geography | 1 | 1 | 0 | 0 | 25 | 43 | 56.50 | 1 | 2 | 34.32 | 51.67 |
| History - Other | 1 | 1 | 0 | 0 | 25 | 57 | 86.50 | 0 | 2 | 18.11 | 40.00 |
| Fine Arts - Other Arts | 0 | 2 | 1 | 0 | 15 | 112 | 126.50 | 0 | 1 | 1.76 | 13.33 |
| Beliefs | 0 | 1 | 0 | 0 | 10 | 133 | 133.00 | 0 | 0 | 0.64 | 1.67 |
| Social Science | 0 | 1 | 1 | 1 | 5 | 130 | 130.00 | 0 | 0 | 0.05 | 1.33 |
| Science - Biology | 0 | 0 | 1 | 0 | -5 | 0.00 | 0 | 0 | 0.00 | 0.00 |